000 00721nam a2200181Ia 4500
008 090124s9999 xx 000 0 und d
082 _b28566
_a1758
100 _aकुलकर्णी राम
245 _a सभा जिंकणारी प्रभावी भाषणे कशी कराल ?
250 _a1
260 _c1995
300 _a147+5
600 _aकुलकर्णी राम
630 _a सभा जिंकणारी प्रभावी भाषणे कशी कराल ?
700 _aकुलकर्णी राम
730 _a सभा जिंकणारी प्रभावी भाषणे कशी कराल ?
942 _cBOOK
999 _c142022
_d142022